<?xml version="1.0" encoding="UTF-8"?><?xml-stylesheet type="text/xsl" href="static/style.xsl"?><OAI-PMH xmlns="http://www.openarchives.org/OAI/2.0/" xmlns:xsi="http://www.w3.org/2001/XMLSchema-instance" xsi:schemaLocation="http://www.openarchives.org/OAI/2.0/ http://www.openarchives.org/OAI/2.0/OAI-PMH.xsd"><responseDate>2026-04-17T06:54:42Z</responseDate><request verb="GetRecord" identifier="oai:www.recercat.cat:10459.1/64394" metadataPrefix="marc">https://recercat.cat/oai/request</request><GetRecord><record><header><identifier>oai:recercat.cat:10459.1/64394</identifier><datestamp>2024-12-05T22:51:33Z</datestamp><setSpec>com_2072_3622</setSpec><setSpec>col_2072_479130</setSpec></header><metadata><record xmlns="http://www.loc.gov/MARC21/slim" xmlns:dcterms="http://purl.org/dc/terms/" xmlns:xsi="http://www.w3.org/2001/XMLSchema-instance" xmlns:doc="http://www.lyncode.com/xoai" xsi:schemaLocation="http://www.loc.gov/MARC21/slim http://www.loc.gov/standards/marcxml/schema/MARC21slim.xsd">
   <leader>00925njm 22002777a 4500</leader>
   <datafield ind2=" " ind1=" " tag="042">
      <subfield code="a">dc</subfield>
   </datafield>
   <datafield ind2=" " ind1=" " tag="720">
      <subfield code="a">Soto Gutiérrez, Laura</subfield>
      <subfield code="e">author</subfield>
   </datafield>
   <datafield ind2=" " ind1=" " tag="260">
      <subfield code="c">2017-07-27T10:46:49Z</subfield>
   </datafield>
   <datafield ind2=" " ind1=" " tag="260">
      <subfield code="c">2017-07-27T10:46:49Z</subfield>
   </datafield>
   <datafield ind2=" " ind1=" " tag="260">
      <subfield code="c">2017-05-26</subfield>
   </datafield>
   <datafield ind2=" " ind1=" " tag="520">
      <subfield code="a">Esta investigación examina el surgimiento y desarrollo de la pintura de Tigua. Esta pintura,&#xd;
elaborada por indígenas quichuas, surgió en las comunidades andinas de Tigua (Ecuador) a&#xd;
finales de la década de los setenta del siglo XX. A través de una investigación pluridisciplinar,&#xd;
anclada metodológicamente en la etnografía, esta tesis de doctorado cuestiona el papel que ha&#xd;
tenido el discurso pictórico en los cambios económicos y sociales acaecidos en Tigua y, de forma&#xd;
paralela, analiza su influencia política, principalmente en relación a la formulación de la&#xd;
identidad indígena quichua.</subfield>
   </datafield>
   <datafield ind2=" " ind1=" " tag="520">
      <subfield code="a">Aquesta recerca examina el sorgiment i desenvolupament de la pintura de Tigua. Aquesta pintura,&#xd;
elaborada per indígenes quítxues, va sorgir en les comunitats andines de Tigua(Equador) a finals&#xd;
de la dècada dels anys setanta del segle XX. A través d'una investigació pluridisciplinar, ancorada&#xd;
metodològicament en l'etnografia, aquesta tesi doctoral qüestiona el paper que ha tingut el discurs&#xd;
pictòric en promoure canvis econòmics i socials aTigua i, de forma parallela, analitza la seva&#xd;
influència en l’àmbit de la política, principalment en relació amb la formulació de la identitat&#xd;
indígena quítxua.</subfield>
   </datafield>
   <datafield ind2=" " ind1=" " tag="520">
      <subfield code="a">This research examines the emergence and development of the Tigua painting. This paintwork,&#xd;
created by Quichua indigenous people, emerged in the Andean communities of Tigua (Ecuador)&#xd;
at the end of the 70s, 20th century. Through a multidisciplinary research, methodologically rooted&#xd;
in Ethnography, the aim of this PhD thesis is to question the role played by this pictorial&#xd;
discourse in the economic and social changes in Tigua and, in parallel, to analyze its political&#xd;
influence on the definition of the Quichua indigenous identity.</subfield>
   </datafield>
   <datafield ind1="8" ind2=" " tag="024">
      <subfield code="a">http://hdl.handle.net/10459.1/64394</subfield>
   </datafield>
   <datafield tag="653" ind2=" " ind1=" ">
      <subfield code="a">Art</subfield>
   </datafield>
   <datafield tag="653" ind2=" " ind1=" ">
      <subfield code="a">Identitat</subfield>
   </datafield>
   <datafield tag="653" ind2=" " ind1=" ">
      <subfield code="a">Antropologia</subfield>
   </datafield>
   <datafield tag="653" ind2=" " ind1=" ">
      <subfield code="a">Arte</subfield>
   </datafield>
   <datafield tag="653" ind2=" " ind1=" ">
      <subfield code="a">Identidad</subfield>
   </datafield>
   <datafield tag="653" ind2=" " ind1=" ">
      <subfield code="a">Antropología</subfield>
   </datafield>
   <datafield tag="653" ind2=" " ind1=" ">
      <subfield code="a">Art</subfield>
   </datafield>
   <datafield tag="653" ind2=" " ind1=" ">
      <subfield code="a">Identity</subfield>
   </datafield>
   <datafield tag="653" ind2=" " ind1=" ">
      <subfield code="a">Anthropology</subfield>
   </datafield>
   <datafield tag="653" ind2=" " ind1=" ">
      <subfield code="a">Antropologia Social</subfield>
   </datafield>
   <datafield tag="653" ind2=" " ind1=" ">
      <subfield code="a">316</subfield>
   </datafield>
   <datafield ind2="0" ind1="0" tag="245">
      <subfield code="a">Como paja de páramo. Arte, identidad y poder en las comunidades andinas de Tigua (Ecuador)</subfield>
   </datafield>
</record></metadata></record></GetRecord></OAI-PMH>